| 000 | 00598nam a2200193 a 4500 | ||
|---|---|---|---|
| 005 | 20140310183231.0 | ||
| 008 | 010122s19uu xx 00 eng d | ||
| 020 | _a0521377617 | ||
| 050 |
_aGN 502 _b.C76 1994 |
||
| 100 | _aBerry, John W. | ||
| 245 |
_aCross cultural psychology : _bresearch and applications / _cJohn W. Berry ... [ et. al.]. |
||
| 260 |
_aNew York : _bCambridge University Press, _c1994. |
||
| 300 |
_a459 p. : _c24 cm. |
||
| 500 | _aIncludes bibliographical references and index. | ||
| 521 | _aPSYCH | ||
| 650 | _aEthnopsychology. | ||
| 942 |
_cBK _2lcc _kFOR |
||
| 999 |
_c20503 _d20503 |
||